000
00324nam a22001337a 4500
008
170828b xxu||||| |||| 00| 0 eng d
020
_a
2900205581480
041
_a
eng
080
_2
9 ED
_a
070
100
_a
39
101
_a
MED
245
_a
PUBLIC REALATIONS STRATEGIES AND TACTIC
_c
WILCOX.D.L
942
_2
udc
_c
BK
999
_c
25153
_d
25153